France - Les prix Nobel - Statistiques

Statistiques générales
  • Ce quiz a été pris 42 fois
    14 depuis la dernière actualisation
  • Le résultat moyen est 16 sur 70
Statistiques - réponses
Discipline Année Initiales Récipiendaire % Correct
Chimie 1911 MC Marie Curie
92%
Physique 1903 MC Marie Curie
92%
Physique 1903 PC Pierre Curie
83%
Littérature 2022 AE Annie Ernaux
75%
Littérature refusé 1964 JPS Jean Paul Sartre
75%
Littérature 1957 AC Albert Camus
67%
Chimie 1935 IJC Irène Joliot-Curie
67%
Paix 1999 MSF Médecins sans frontières
58%
Littérature 1901 SP Sully Prudhomme
58%
Littérature 1947 AG André Gide
50%
Littérature 1952 FM François Mauriac
50%
Littérature 2014 PM Patrick Modiano
50%
Paix 1926 AB Aristide Briand
42%
Littérature 2008 JMLC Jean Marie Le Clézio
42%
Littérature 1915 RR Romain Rolland
42%
Littérature 1921 AF Anatole France
33%
Physique 2023 AL'H Anne L'Huillier
33%
Littérature 1985 CS Claude Simon
33%
Littérature 1904 FM Frédéric Mistral
33%
Paix 1901 FP Frédéric Passy
33%
Littérature 1927 HB Henri Bergson
33%
Littérature 1960 SJP Saint John Perse
33%
Physique 2022 AA Alain Aspect
25%
Economie 2019 ED Esther Duflo
25%
Chimie 1935 FJC Frédéric Joliot-Curie
25%
Littérature 2000 GX Gao Xingjian
25%
Economie 2014 JT Jean Tirole
25%
Paix 1968 RC René Cassin
25%
Littérature 1937 RMG Roger Martin du Gard
25%
Chimie 2020 EC Emmanuelle Charpentier
17%
Médecine 2008 FBS Françoise Barré-Sinoussi
17%
Physique 1992 GC Georges Charpak
17%
Physique 2018 GM Gérard Mourou
17%
Chimie 2016 JPS Jean Pierre Sauvage
17%
Paix 1920 LB Léon Bourgeois
17%
Médecine 2008 LM Luc Montagnier
17%
Physique 2023 PA Pierre Agostini
17%
Physique 1991 PGG Pierre Gilles de Gennes
17%
Physique 2012 SH Serge Haroche
17%
Paix 1952 AS Albert Schweitzer
8%
Médecine 1912 AC Alexis Carrel
8%
Paix 1951 LJ Léon Jouhaux
8%
Physique 1929 LB Louis de Broglie
8%
Paix 1907 LR Louis Renault
8%
Physique 2007 AF Albert Fert
0%
Physique 1966 AK Alfred Kastler
0%
Médecine 1907 AL Alphonse Laveran
0%
Médecine 1956 AFC André Frédéric Cournand
0%
Médecine 1965 AL André Lwoff
0%
Physique 1903 AHB Antoine Henri Becquerel
0%
Médecine 1928 CN Charles Nicolle
0%
Médecine 1913 CR Charles Richet
0%
Physique 1997 CCT Claude Cohen Tannoudji
0%
Paix 1927 FB Ferdinand Buisson
0%
Médecine 1965 FJ François Jacob
0%
Physique 1908 GL Gabriel Lippmann
0%
Economie 1983 GD Gérard Debreu
0%
Chimie 1906 HM Henri Moissan
0%
Médecine 1965 JM Jacques Monod
0%
Médecine 1980 JD Jean Dausset
0%
Chimie 1987 JML Jean Marie Lehn
0%
Physique 1926 JP Jean Perrin
0%
Médecine 2011 JH Jules Hoffmann
0%
Physique 1970 LN Louis Néel
0%
Economie 1988 MA Maurice Allais
0%
Paix 1909 PHB Paul Henri Balluet
0%
Chimie 1912 PS Paul Sabatier
0%
Médecine 1977 RG Roger Guillemin
0%
Chimie 1912 VG Victor Grignard
0%
Chimie 2005 YC Yves Chauvin
0%
Aucun quiz correspondant
Distribution des résultats
% des personnes avec chaque résultat
Percentile par nombre de réponses
Votre historique - résultats
Vous n’avez pas pris ce quiz depuis la dernière actualisation